书目信息 |
| 题名: |
雷达原理
|
|
| 作者: | 丁鹭飞 , 庚富录 编著 | |
| 分册: | ||
| 出版信息: | 西安 西安电子科技大学出版社 2002.06 |
|
| 页数: | 354页 | |
| 开本: | 26cm | |
| 丛书名: | ||
| 单 册: | ||
| 中图分类: | TN951 | |
| 科图分类: | ||
| 主题词: | 雷达--通信理论 | |
| 电子资源: | ||
| ISBN: | 7-5606-0354-8 | |
| 000 | 00641nam0 2200217 45 | |
| 001 | 0262625054 | |
| 005 | 2002061017234385 | |
| 010 | @a7-5606-0354-8@dRMB 23.00 | |
| 100 | @a20020610d2002 km y0chiy0120 ea | |
| 101 | 0 | @achi |
| 200 | 1 | @a雷达原理@ALei Da Yuan Li@f丁鹭飞,庚富录编著@FDing Lu Fei,Geng Fu Lu Bian Zhu |
| 205 | @a3版 | |
| 210 | @a西安@c西安电子科技大学出版社@d2002.06 | |
| 215 | @a354页@d26cm | |
| 300 | @a高等学校电子信息类规划教材 | |
| 606 | 0 | @a雷达@x通信理论 |
| 690 | @aTN951@v3 | |
| 701 | 0 | @a丁鹭飞@ADing Lu Fei@4编著 |
| 701 | 0 | @a庚富录@AGeng Fu Lu@4编著 |
| 801 | 0 | @aCN@bPFT@c20020610 |
| 905 | @a安徽大学@dTN951@eD541 | |
| 雷达原理/丁鹭飞,庚富录编著.-3版.-西安:西安电子科技大学出版社,2002.06 |
| 354页;26cm |
| 高等学校电子信息类规划教材 |
| ISBN 7-5606-0354-8:RMB 23.00 |
| ● |
| 相关链接 |
|
|
|
正题名:雷达原理
索取号:TN951/D541
 
预约/预借
| 序号 | 登录号 | 条形码 | 馆藏地/架位号 | 状态 | 备注 |
| 1 | 360091 | 203600914 | 自科库301/301自科库 100排9列2层/ [索取号:TN951/D541] | 在馆 | |
| 2 | 360092 | 203600923 | 期刊室512/301自科库 100排6列2层/ [索取号:TN951/D541] | 在馆 | |
| 3 | 360093 | 203600932 | 自科库301/301自科库 100排9列2层/ [索取号:TN951/D541] | 在馆 |